LEADER 01608nam a2200301 i 4500 001 000000173554 003 CaOOAMICUS 005 20080722000000.0 008 080722s2004 it u000 u ita u 013 $a151007 020 $a88-215-5014-1 040 $aSeMil$bita 110 2 $aAssociazione teologica italiana per lo studio della morale.$0(OLS)http://semarc/name/2260 245 10$aSperanza umana e speranza escatologica :$b[Atti del 20. Congresso nazionale dell'ATISM, Benevento, 9-12 settembre 2002] /$cAssociazione teologica italiana per lo studio della morale ; a cura di Romano Altobelli e Salvatore Privitera. 260 $aCinisello Balsamo :$bSan Paolo,$c2004. 300 $a313 p. ;$c22 cm. 490 0 $aTeologia morale : studi e testi ;$v11 650 4$aSperanza - Teologia.$0(OLS)http://semarc/subject/366 650 4$aTeologia morale - Atti di congressi.$0(OLS)http://semarc/subject/18499 700 1 $aPrivitera, Salvatore <1945-2004>.$0(OLS)http://semarc/name/2522 700 1 $aAltobelli, Romano.$0(OLS)http://semarc/name/62560 830 0$aTeologia morale : studi e testi ;$v11.$0(OLS)http://semarc/title/255 850 $aSeMil 852 $aSeMil$W1$xVenegono$y1$m2E V 121$j124399$B124399$CSeMilBibl$Z2$F135462 $81 961 $aAcquisto: DEA 996 $6020$a88-215-5014-1$9(OLS)http://semarc/number/161239 996 $6245$aSperanza umana e speranza escatologica :$b[Atti del 20. Congresso nazionale dell'ATISM, Benevento, 9-12 settembre 2002]$9(OLS)http://semarc/title/248646 996 $6260$aCinisello Balsamo :$bSan Paolo$9(OLS)http://semarc/publisher/30129 LEADER 01527nam a2200265 i 4500 001 000000193562 003 CaOOAMICUS 005 20250926115252.0 008 101025s1896 it u000 u ita u 013 $a172205 040 $aSeMil$bita 100 1 $aFerrari, Andrea Carlo,$c.$0(OLS)http://semarc/name/8218 245 10$aLettera circolare del Cardinale Arcivescovo di Milano :$bper la S. Quaresima del 1896. 260 $aMilano :$bTip. e libreria arcivivescovile Ditta Boniardi-Pogliani di G. Giovanola e C.,$c1896. 300 $a12 p. ;$c27 cm. 500 $aRilegato insieme ad altre lettere pastorali nel vol. con segnatura 2F-V-24 FA. 500 $aStemma dell'Arcivescovo A. Ferrari sul front. 650 4$aQuaresima - Pastorale.$0(OLS)http://semarc/subject/5128 650 4$aFerrari, Andrea Carlo - Scritti, discorsi, omelie, lettere pastorali, etc.$0(OLS)http://semarc/subject/37544 773 0 $aFerrari, Andrea Carlo $t[Lettere pastorali] 1-48 (1894-1897).$dComo : Tip. vescovile dell'Oratorio, 1894-1897.$g23$w()23895 850 $aSeMil 852 $aSeMil$W1$xVenegono$y1$m2F V 24/22 FA$j144136$B144136$CSeMilBibl$Z2$F155584 $8I 996 $6245$aLettera circolare del Cardinale Arcivescovo di Milano :$bper la S. Quaresima del 1896$9(OLS)http://semarc/title/279041 996 $6260$aMilano :$bTip. e libreria arcivivescovile Ditta Boniardi-Pogliani di G. Giovanola e C.$9(OLS)http://semarc/publisher/36050